| 000 | 00718cam a22002174a 4500 | ||
|---|---|---|---|
| 001 | 13514488 | ||
| 005 | 20250322112427.0 | ||
| 008 | 040308s2005 njua b 000 0 eng | ||
| 020 | _a0131181548 (paperspiral bound) | ||
| 020 | _a9780131181540 | ||
| 050 | 0 | 0 |
_aLB1139.5.L35 _bB42 2005 |
| 082 | 0 | 0 |
_a372.6 _222 |
| 100 | 1 | _aBeaty, Janice J. | |
| 245 | 1 | 0 |
_a50 early childhood literacy strategies / _cJanice J. Beaty. |
| 260 |
_aUpper Saddle River, N.J. : _bPearson/Merrill/Prentice Hall, _cc2005. |
||
| 300 |
_axiii, 158 p. : _bill. ; _c28 cm. |
||
| 650 | 0 | _aLanguage arts (Early childhood) | |
| 650 | 0 |
_aEarly childhood education _xActivity programs. |
|
| 650 | 0 | _aPicture books for children. | |
| 942 |
_2lcc _cBK _n0 |
||
| 999 |
_c5082 _d5082 |
||